UM Logo

PMSM torque ripple minimization based on novel low carrier ratio PWM technique / (Record no. 19909)

MARC details
000 -LEADER
fixed length control field 01081nam a22002537a 4500
003 - CONTROL NUMBER IDENTIFIER
control field OSt
005 - DATE AND TIME OF LATEST TRANSACTION
control field 20250918154543.0
008 - FIXED-LENGTH DATA ELEMENTS--GENERAL INFORMATION
fixed length control field 240401b ||||| |||| 00| 0 eng d
040 ## - CATALOGING SOURCE
Transcribing agency 0
082 ## - DEWEY DECIMAL CLASSIFICATION NUMBER
Classification number DPer 621.381 In821 September 2022 v. 37 n. 9
100 ## - MAIN ENTRY--PERSONAL NAME
Personal name Yi, Peng.
Relator term author.
9 (RLIN) 55573
245 ## - TITLE STATEMENT
Title PMSM torque ripple minimization based on novel low carrier ratio PWM technique /
Statement of responsibility, etc. Peng Yi, Yongchao Yin, Xinjian Wang, Xianglin Li, Daolian Chen, Yu Hu, and Wenjin Ruan.
260 ## - PUBLICATION, DISTRIBUTION, ETC. (IMPRINT)
Place of publication, distribution, etc. New York ;
Name of publisher, distributor, etc. The Institute of Electrical and Electronics Engineers, Inc. ,
Date of publication, distribution, etc. September 2022.
300 ## - PHYSICAL DESCRIPTION
Extent Volume 37,pages 11071-11084 :
Other physical details illustration ;
Dimensions 28 cm.
500 ## - GENERAL NOTE
General note IEEE Transitions on Power Electronics, v. 37 n. 9, pages 11071-11084, September 2022.
700 ## - ADDED ENTRY--PERSONAL NAME
Personal name Yi, Peng.
Relator term author.
9 (RLIN) 55573
700 ## - ADDED ENTRY--PERSONAL NAME
Personal name Yin, Yongchao.
Relator term author.
9 (RLIN) 55574
700 ## - ADDED ENTRY--PERSONAL NAME
Personal name Wang, Xinjian.
Relator term author.
9 (RLIN) 55575
700 ## - ADDED ENTRY--PERSONAL NAME
Personal name Li, Xianglin.
Relator term author.
9 (RLIN) 55576
700 ## - ADDED ENTRY--PERSONAL NAME
Personal name Chen, Daolian.
Relator term author.
9 (RLIN) 55577
700 ## - ADDED ENTRY--PERSONAL NAME
Personal name Hu, Yu.
Relator term author.
9 (RLIN) 55578
700 ## - ADDED ENTRY--PERSONAL NAME
Personal name Ruan, Wenjin.
Relator term author.
9 (RLIN) 55579
942 ## - ADDED ENTRY ELEMENTS (KOHA)
Source of classification or shelving scheme Dewey Decimal Classification
Koha item type Periodicals
Holdings
Withdrawn status Lost status Source of classification or shelving scheme Damaged status Not for loan Collection code Home library Current library Date acquired Total Checkouts Full call number Date last seen Price effective from Koha item type Public note
    Dewey Decimal Classification     Periodicals UM Digos College - LIC UM Digos College - LIC 04/01/2024   DPer 621.381 In821 September 2022 v. 37 n. 9 04/01/2024 04/01/2024 Periodicals Periodical Article